Statistics for 土耳其邻国国旗

Click here to take the quiz!

General Stats

  • This quiz has been taken 43 times
  • The average score is 7 of 8

Answer Stats

Answer% Correct
伊拉克
97%
叙利亚
97%
希腊
95%
格鲁吉亚
95%
阿塞拜疆
92%
伊朗
89%
亚美尼亚
89%
保加利亚
84%

Score Distribution

Percentile by Number Answered

Percent of People with Each Score

Your Score History

You have not taken this quiz